Report of the Committee on the Strength of Officers and Staff of the Railway Board (Record no. 486291)

000 -LEADER
fixed length control field 00562cam a22001337a 4500
008 - FIXED-LENGTH DATA ELEMENTS--GENERAL INFORMATION
fixed length control field 180718b1980 xxu||||| |||| 00| 0 eng d
082 ## - DEWEY DECIMAL CLASSIFICATION NUMBER
Classification number W1x54 R299
100 ## - MAIN ENTRY--PERSONAL NAME
Personal name India. Committee on the Strength of Officers and Staff of the Railway Board
245 ## - TITLE STATEMENT
Title Report of the Committee on the Strength of Officers and Staff of the Railway Board
Statement of responsibility, etc. by Railway Board, Ministry of Railways
260 ## - PUBLICATION, DISTRIBUTION, ETC.
Place of publication, distribution, etc. New Delhi
Name of publisher, distributor, etc. Railway Board, Ministry of Railways
Date of publication, distribution, etc. 1980
300 ## - PHYSICAL DESCRIPTION
Extent 234p.
650 ## - SUBJECT ADDED ENTRY--TOPICAL TERM
Topical term or geographic name entry element Railways - Employees - India
700 ## - ADDED ENTRY--PERSONAL NAME
Personal name India. Ministry of Railways. Railway Board
Holdings
Withdrawn status Lost status Damaged status Not for loan Permanent Location Current Location Date acquired Full call number Barcode Date last seen Price effective from Koha item type
        Indian Institute of Public Administration Indian Institute of Public Administration 2018-08-04 W1x54 R299 GG32858 2018-08-04 2018-08-04 GG

Powered by Koha